[Event "CHN-chT (Women)"]
[Site "Hebei"]
[Date "2025.05.02"]
[Round "8.11"]
[White "Zhao, Shengxin"]
[Black "Peng, Shiyang"]
[Result "1-0"]
[WhiteElo "2210"]
[BlackElo "1688"]
[PlyCount "119"]
[EventDate "2025.04.25"]
[EventType "team-swiss"]
[EventRounds "9"]
[EventCountry "CHN"]
[SourceTitle "CB20_2025"]
[SourceDate "2025.05.14"]
[SourceVersion "1"]
[SourceVersionDate "2025.05.14"]
[SourceQuality "1"]
[WhiteTeam "Tianjin (W)"]
[BlackTeam "Chengdu (W)"]
[WhiteTeamCountry "CHN"]
[BlackTeamCountry "CHN"]

1. d4 Nf6 2. g3 e6 3. c4 d5 4. Bg2 b6 5. cxd5 exd5 6. Nc3 c6 7. Nf3 Nbd7 8. 0-0 Bd6 9. e4 dxe4 10. Ng5 Bb7 11. Qb3 0-0 12. Ne6 fxe6 13. Qxe6+ Rf7 14. Qxd6 Nf8 15. Qb4 Ne6 16. Be3 Ba6 17. Rfe1 Bd3 18. Rad1 a5 19. Qb3 Nxd4 20. Bxd4 Qxd4 21. Bxe4 Ng4 22. Bxh7+ Kf8 23. Rd2 Nxf2 24. Qxf7+ Kxf7 25. Rxf2+ Qxf2+ 26. Kxf2 Bxh7 27. Rd1 Ke6 28. Na4 Rb8 29. b3 Bg6 30. Ke3 Bf5 31. Kf4 Bc2 32. Rd2 Bb1 33. Kg5 Rb7 34. h4 Rb8 35. g4 c5 36. h5 Rb7 37. Kh4 Rb8 38. g5 Be4 39. g6 Bc6 40. Nb2 b5 41. Re2+ Kd6 42. Kg5 Rh8 43. Rd2+ Ke6 44. Nd3 c4 45. Nf4+ Ke5 46. Re2+ Kd4 47. Re7 c3 48. Rc7 Bf3 49. Ne6+ Kd3 50. Nxg7 c2 51. h6 Bd5 52. Rxc2 Kxc2 53. Nf5 Rd8 54. h7 Rh8 55. Ne3+ Kb2 56. Nxd5 Kxa2 57. Kh6 Kxb3 58. g7 Rd8 59. g8Q Rd6+ 60. Kh5 1-0

[Event "Seville op 50th"]
[Site "Seville"]
[Date "2025.01.16"]
[Round "7"]
[White "Kreken, Eivind Grunt"]
[Black "Zhao, Shengxin"]
[Result "1/2-1/2"]
[WhiteElo "2302"]
[BlackElo "2158"]
[PlyCount "78"]
[EventDate "2025.01.10"]
[EventType "swiss"]
[EventRounds "9"]
[EventCountry "ESP"]
[SourceTitle "CB04_2025"]
[SourceDate "2025.01.22"]
[SourceVersion "1"]
[SourceVersionDate "2025.01.22"]
[SourceQuality "1"]

1. e4 c5 2. Nf3 Nc6 3. d4 cxd4 4. Nxd4 Nf6 5. Nc3 e5 6. Ndb5 d6 7. Bg5 a6 8. Na3 b5 9. Nab1 Be7 10. Bxf6 Bxf6 11. a4 b4 12. Nd5 0-0 13. Bc4 Be6 14. 0-0 g6 15. Qd3 Bxd5 16. Bxd5 Qc7 17. Nd2 Ra7 18. Nc4 Nd4 19. a5 Kg7 20. Kh1 Qc5 21. Qd2 Be7 22. Ra4 f5 23. Qxb4 Qb5 24. Nd2 Bg5 25. f4 Nxc2 26. Qb3 Bxf4 27. Qxc2 Bxd2 28. Rc4 Bxa5 29. Bc6 Qb6 30. exf5 gxf5 31. Rxf5 Raf7 32. Rg4+ Kh8 33. Bd5 Rxf5 34. Qxf5 Qd8 35. Qd3 Qf6 36. Bf3 Bb6 37. Qxa6 d5 38. Rb4 Bd4 39. Qxf6+ Rxf6 1/2-1/2

[Event "Seville op 50th"]
[Site "Seville"]
[Date "2025.01.12"]
[Round "3"]
[White "Mitusov, Semen"]
[Black "Zhao, Shengxin"]
[Result "1-0"]
[WhiteElo "2463"]
[BlackElo "2158"]
[PlyCount "55"]
[EventDate "2025.01.10"]
[EventType "swiss"]
[EventRounds "9"]
[EventCountry "ESP"]
[SourceTitle "CB04_2025"]
[SourceDate "2025.01.22"]
[SourceVersion "1"]
[SourceVersionDate "2025.01.22"]
[SourceQuality "1"]

1. e4 c5 2. Nf3 d6 3. d4 cxd4 4. Nxd4 Nf6 5. Nc3 a6 6. Bg5 Nbd7 7. Qe2 e6 8. f4 Qc7 9. 0-0-0 Be7 10. g4 h6 11. Bh4 g5 12. fxg5 Nh7 13. Nf5 hxg5 14. Bg3 Ne5 15. Nxe7 Kxe7 16. h4 Bd7 17. Qd2 f6 18. Be2 b5 19. a3 Nf7 20. Rhf1 gxh4 21. Bxh4 Nhg5 22. Bxg5 Nxg5 23. Rxf6 Kxf6 24. e5+ dxe5 25. Rf1+ Ke7 26. Qxg5+ Kd6 27. Rd1+ Kc6 28. Bf3+ 1-0

[Event "CHN-chT Div-B"]
[Site "Binhai"]
[Date "2024.08.16"]
[Round "7.4"]
[White "Zhao, Shengxin"]
[Black "Li, Junying"]
[Result "1-0"]
[WhiteElo "2127"]
[BlackElo "2110"]
[PlyCount "59"]
[EventDate "2024.08.12"]
[EventType "team-swiss"]
[EventRounds "9"]
[EventCountry "CHN"]
[SourceTitle "CBM 221 Extra"]
[Source "ChessBase"]
[SourceDate "2024.09.30"]
[SourceVersion "1"]
[SourceVersionDate "2024.09.30"]
[SourceQuality "1"]
[WhiteTeam "Hangzhou Chess Assoc"]
[BlackTeam "Hebei"]
[WhiteTeamCountry "CHN"]
[BlackTeamCountry "CHN"]

1. d4 d6 2. Nf3 g6 3. c4 Bg7 4. g3 Nc6 5. d5 Nb8 6. Bg2 Nd7 7. 0-0 Nc5 8. Nc3 a5 9. Qc2 Nf6 10. e4 Bg4 11. Be3 Na6 12. a3 Qd7 13. e5 Bf5 14. Qd2 Ng4 15. e6 fxe6 16. dxe6 Bxe6 17. Nd4 Rb8 18. Nxe6 Qxe6 19. Bd4 Bxd4 20. Qxd4 Rf8 21. Rae1 Ne5 22. f4 Qxc4 23. Qe3 Rf5 24. g4 Rf6 25. Nd5 Re6 26. fxe5 Rxe5 27. Qf3 Qd4+ 28. Kh1 c6 29. Qf8+ Kd7 30. Qxe7+ 1-0